| 000 | 00408 a2200145 4500 | ||
|---|---|---|---|
| 003 | OSt | ||
| 005 | 20240802150240.0 | ||
| 008 | 231017b |||||||| |||| 00| 0 eng d | ||
| 040 | _coclc | ||
| 082 |
_a297 _bMEL/B |
||
| 245 | _aBAANATH SUAADU-PADANUPADA PARIBHASHAYUM VYAKHYANAVUM | ||
| 260 |
_aCalicut: _bEdumart, _c2020. |
||
| 300 | _a64 p | ||
| 942 |
_2ddc _cBK _h297 _iMEL/B _k297 _mMEL/B |
||
| 999 |
_c42716 _d42716 |
||